00792nam a2200265 a 450000100060000000300090000600500170001500600150003200800410004701600300008801700510011802000150016903500200018404000280020408000220023208200160025410000190027024500740028926000310036330000210039449000180041565000400043365000300047365000230050324712CO-ViMGA20230915232014.0bimo0001215935141112s2004 ck r 000 u spa d abimoBNE19994687948 SpMaBN aM 46384 - 1998 Oficina Depósito Legal Madrid a8436812832 a(OCoLC)40820333 aCO-ViMGAbspacCO-ViMGA a616.98 SIDA : 30804a616.95 A56s1 aAmo, Julia del10aEl sida y la mujer : baspectos clinicos y sociales / cJulia del Amo aMadrid : bPiramide [1998] a130 p. il. 21 cm aMujer y salud14aMujeres - Enfermedades - Prevencion14aSIDA - Aspectos sociales 14aSida - Prevencion